Loading...
| History - European | 1 | 3 | 0 | 0 | 45 | 59 | 78.75 | 2 | 4 | 0.00 | 0.00 |
| History - Ancient/Other | 2 | 2 | 1 | 1 | 45 | 57 | 92.50 | 2 | 4 | 0.00 | 0.00 |
| Philosophy | 2 | 2 | 2 | 0 | 40 | 42 | 96.50 | 4 | 4 | 0.00 | 0.00 |
| Literature - British | 0 | 4 | 0 | 0 | 40 | 109 | 127.75 | 1 | 4 | 0.00 | 0.00 |
| Religion | 1 | 2 | 0 | 0 | 35 | 20 | 83.00 | 2 | 3 | 0.00 | 0.00 |
| Fine Arts - Visual | 0 | 4 | 1 | 0 | 35 | 110 | 120.75 | 2 | 4 | 0.00 | 0.00 |
| History - World | 1 | 2 | 0 | 0 | 35 | 63 | 79.67 | 3 | 3 | 0.00 | 0.00 |
| Literature - American | 0 | 3 | 0 | 0 | 30 | 87 | 110.67 | 2 | 3 | 0.00 | 0.00 |
| Literature - European | 0 | 4 | 2 | 1 | 30 | 109 | 125.75 | 3 | 4 | 0.00 | 0.00 |
| Literature - World | 2 | 0 | 1 | 0 | 25 | 67 | 74.50 | 2 | 2 | 0.00 | 0.00 |
| Science - Other | 1 | 2 | 2 | 1 | 25 | 36 | 89.00 | 2 | 3 | 0.00 | 0.00 |
| Social Science | 0 | 2 | 0 | 0 | 20 | 112 | 115.50 | 0 | 2 | 0.00 | 0.00 |
| Fine Arts - Other | 0 | 2 | 0 | 0 | 20 | 112 | 113.50 | 2 | 2 | 0.00 | 0.00 |
| Other Academic | 0 | 1 | 0 | 1 | 10 | 150 | 150.00 | 0 | 1 | 0.00 | 0.00 |
| Mythology | 0 | 1 | 1 | 0 | 5 | 97 | 97.00 | 1 | 1 | 0.00 | 0.00 |
| History - American | 0 | 0 | 1 | 0 | -5 | 0.00 | 0 | 0 | 0.00 | 0.00 |